000 00609nam a22001817a 4500
999 _c166842
_d166842
010 _aENG-126153
020 _a978-93-86761-34-7
_c1695.00
035 _aEN-109685
037 _bDBAD/PUB
082 _a711.4
100 _aShah,Ramesh
245 _aCity Planning/
_cbyRamesh Shah
260 _aNew Delhi
_bAne Books Pvt.Ltd.
270 _a4821,Parwana Bhawan,1st Floor24 Ansari Road, Darya Ganj
_bNew Delhi
_e110002
_k+91(011)23276843
_l+91(011)23276863
_mkapoor@anebooks.com
300 _a280p.
_c24cm(hb)
500 _ait includes index and bibliography
942 _2ddc
_cEN
_h711.4
_mSHA